Ranade, Gandhi, & Jinnah; (Record no. 87170)

MARC details
000 -LEADER
fixed length control field 00927cam a2200241 4500
001 - CONTROL NUMBER
control field sa 68016552
003 - CONTROL NUMBER IDENTIFIER
control field DLC
005 - DATE AND TIME OF LATEST TRANSACTION
control field 20260227112655.0
008 - FIXED-LENGTH DATA ELEMENTS--GENERAL INFORMATION
fixed length control field 700720s1964 ii 000 0 eng
010 ## - LIBRARY OF CONGRESS CONTROL NUMBER
LC control number sa 68016552
025 ## - OVERSEAS ACQUISITION NUMBER
Overseas acquisition number PL480:I-E-10224
040 ## - CATALOGING SOURCE
Original cataloging agency DLC
Transcribing agency DLC
Modifying agency DLC
-- MoSU-L
050 00 - LIBRARY OF CONGRESS CALL NUMBER
Classification number DS479.1.R32
Item number A65 1964
100 1# - MAIN ENTRY--PERSONAL NAME
Personal name Ambedkar, B. R.
Fuller form of name (Bhimrao Ramji),
Dates associated with a name 1891-1956.
245 10 - TITLE STATEMENT
Title Ranade, Gandhi, & Jinnah;
Remainder of title address delivered on the 101st birthday celebration of Mahadev Govind Ranade, help [sic] on the 18th January 1943 in the Gokhale Memorial Hall, Poona,
Statement of responsibility, etc. by B. R. Ambedkar.
260 ## - PUBLICATION, DISTRIBUTION, ETC.
Place of publication, distribution, etc. Jullundur City, India,
Name of publisher, distributor, etc. Bheem Patrika Publications,
Date of publication, distribution, etc. 1964.
300 ## - PHYSICAL DESCRIPTION
Extent iv, 64 p.
Dimensions 16 cm.
350 ## - PRICE (NR) (BK AM CF MU VM SE) [OBSOLETE]
Price 2.00
600 10 - SUBJECT ADDED ENTRY--PERSONAL NAME
Personal name Ranade, Mahadev Govīnd,
Titles and other words associated with a name Rao Bahadur,
Dates associated with a name 1842-1901.
600 10 - SUBJECT ADDED ENTRY--PERSONAL NAME
Personal name Gandhi,
Titles and other words associated with a name Mahatma,
Dates associated with a name 1869-1948.
600 10 - SUBJECT ADDED ENTRY--PERSONAL NAME
Personal name Jinnah, Mahomed Ali,
Dates associated with a name 1876-1948.
740 0# - ADDED ENTRY--UNCONTROLLED RELATED/ANALYTICAL TITLE
Uncontrolled related/analytical title Ranade, Gandhi, and Jinnah.

No items available.

Powered by Koha